000
00242nam a2200085Ia 4500
245
0
_a
Jupiter, Neptune and other outer planets
100
_a
OXLADE, Chris London, 2009
_9
78012
942
_c
BK
008
210817s9999 xx 000 0 und d
999
_c
268722
_d
268721